| 000 | 01329nam a2200301 a 4500 | ||
|---|---|---|---|
| 001 | 000002954 | ||
| 003 | DO-SdBNP | ||
| 005 | 20240411202003.0 | ||
| 008 | 090706s2000 dr r 000 0 spa d | ||
| 040 |
_aDO-SdBNP _bspa _cBNPHU |
||
| 082 |
_a341.37 _bR426d |
||
| 110 | 1 |
_aRepública Dominicana _bSecretaría de Estado de Relaciones Exteriores _92256 |
|
| 240 | 0 | 0 | _a[Tratados, etc.] |
| 245 | 1 | 0 |
_aDerecho humanitario : _brecopilación de tratados, protocolos, decretos, leyes y reglamentos / _cServio Tulio Castaños Guzmán ; presentación Jean Marc Bornet ; edición al cuidado de Ana E. Martínez. |
| 260 |
_aSanto Domingo : _bComisión Nacional Permanente para la Aplicación del Derecho Internacional Humanitario, _c2000. |
||
| 300 |
_a650 p. ; _c24 cm. |
||
| 590 | _aInventariado, 2018/BT | ||
| 650 | 4 |
_aDerecho humanitario _99386 |
|
| 650 | 0 |
_aDerechos humanos _9658 |
|
| 650 | 4 |
_aDerecho internacional humanitario _99387 |
|
| 650 | 4 |
_aDerecho internacional público _99388 |
|
| 700 | 1 |
_aCastaños Guzmán, Servio Tulio _99389 |
|
| 700 | 1 |
_aBornet, Jean Marc _99390 |
|
| 700 | 1 |
_aMartínez, Ana E., _eed. _92505 |
|
| 710 | 2 |
_aComisión Nacional Permanente para la Aplicación del Derecho Internacional Humanitario (República Dominicana) _99391 |
|
| 910 | _aValido. Control de calidad. MMOLINA | ||
| 942 |
_2ddc _cLBS1 |
||
| 999 |
_c2786 _d2786 |
||